Advocating for accountability : (Record no. 128802)

MARC details
000 -LEADER
fixed length control field 00830cam a22002534a 4500
008 - FIXED-LENGTH DATA ELEMENTS--GENERAL INFORMATION
fixed length control field
020 ## - INTERNATIONAL STANDARD BOOK NUMBER
International Standard Book Number 9789050959100 (pbk.)
049 ## - LOCAL HOLDINGS (OCLC)
Holding library MAIN
090 ## - LOCALLY ASSIGNED LC-TYPE CALL NUMBER (OCLC); LOCAL CALL NUMBER (RLIN)
Classification number (OCLC) (R) ; Classification number, CALL (RLIN) (NR) HV640.4
Local cutter number (OCLC) ; Book number/undivided call number, CALL (RLIN) HAN
003 - CONTROL NUMBER IDENTIFIER
control field
005 - DATE AND TIME OF LATEST TRANSACTION
control field 20230123122146.0
040 ## - CATALOGING SOURCE
Transcribing agency NUST
100 1# - MAIN ENTRY--PERSONAL NAME
Personal name Handmaker, Jeff.
245 10 - TITLE STATEMENT
Title Advocating for accountability :
Remainder of title civic-state interactions to protect refugees in South Africa /
Statement of responsibility, etc. Jeff Handmaker.
260 ## - PUBLICATION, DISTRIBUTION, ETC.
Place of publication, distribution, etc. Antwerp :
Name of publisher, distributor, etc. Intersentia,
Date of publication, distribution, etc. 2009.
300 ## - PHYSICAL DESCRIPTION
Extent xiv, 258 p. ;
Dimensions 24 cm.
504 ## - BIBLIOGRAPHY, ETC. NOTE
Bibliography, etc. note Includes bibliographical references.
500 ## - GENERAL NOTE
General note Includes index.
650 #0 - SUBJECT ADDED ENTRY--TOPICAL TERM
Topical term or geographic name entry element Refugees
General subdivision Government policy
Geographic subdivision South Africa.
650 #0 - SUBJECT ADDED ENTRY--TOPICAL TERM
Topical term or geographic name entry element Political rights
Geographic subdivision South Africa.
650 #0 - SUBJECT ADDED ENTRY--TOPICAL TERM
Topical term or geographic name entry element Human rights
Geographic subdivision South Africa.
907 ## - LOCAL DATA ELEMENT G, LDG (RLIN)
a .b10359965
b 03-09-15
c 28-08-15
942 ## - ADDED ENTRY ELEMENTS (KOHA)
Koha item type Ordinary Loan Books
Call number prefix HV640.4
Call number suffix HAN
Holdings
Date last seen Total Checkouts Full call number Barcode Cost, replacement price Price effective from Koha item type Lost status Source of classification or shelving scheme Damaged status Not for loan Collection Withdrawn status Home library Current library Shelving location Date acquired Cost, normal purchase price
01/23/2023   HV640.4 HAN 92004036738 80.00 01/23/2023 BOOKS   LCC     NFIC   MAIN MAIN GEN 01/23/2023 80.00